Modern Organizations (Record no. 2721)

MARC details
000 -LEADER
fixed length control field 00377nam a22001697a 4500
005 - DATE AND TIME OF LATEST TRANSACTION
control field 20160615092659.0
008 - FIXED-LENGTH DATA ELEMENTS--GENERAL INFORMATION
fixed length control field 160615b xxu||||| |||| 00| 0 eng d
020 ## - INTERNATIONAL STANDARD BOOK NUMBER
ISBN 81-203-0193-5
041 ## - LANGUAGE CODE
Language code of text/sound track or separate title eng
082 ## - DEWEY DECIMAL CLASSIFICATION NUMBER
Item number 7617
100 ## - MAIN ENTRY--AUTHOR NAME
Personal name Etzioni, Amitai
245 ## - TITLE STATEMENT
Title Modern Organizations
260 ## - PUBLICATION, DISTRIBUTION, ETC. (IMPRINT)
Name of publisher PHI
Year of publication 2003
300 ## - PHYSICAL DESCRIPTION
Number of Pages 116
650 ## - SUBJECT ADDED ENTRY--TOPICAL TERM
Topical Term Management
942 ## - ADDED ENTRY ELEMENTS (KOHA)
Koha item type Books
Holdings
Lost status Damaged status Collection code Home library Current library Shelving location Date acquired Cost, normal purchase price Full call number Accession Number Koha item type
    MANAGEMENT JRU Library JRU Library SHELF-64-F 15/06/2016 75.00 7617 7617 Books
    MANAGEMENT JRU Library JRU Library SHELF-64-F 15/06/2016 75.00 7617 7618 Books
    MANAGEMENT JRU Library JRU Library SHELF-64-F 15/06/2016 75.00 7617 7619 Books
    MANAGEMENT JRU Library JRU Library SHELF-64-F 15/06/2016 75.00 7617 7620 Books